Expressions Anglaises : II.4. Food and drink - Statistiques

Statistiques générales
  • Ce quiz a été pris 82 fois
    3 depuis la dernière actualisation
  • Le résultat moyen est 14 sur 27
Statistiques - réponses
Hint Réponse % Correct
How many pieces of toast? Combien de tartines ?
100%
a fast food place un «fast food»
100%
to have an appetite avoir de l'appétit
67%
to be hungry/ thirsty avoir faim/soif
67%
This round is on me. C'est ma tournée.
67%
to invite someone to lunch inviter quelqu'un à déjeuner
67%
Just a drop! Juste une goutte, une larme
67%
to lay the table mettre la table
67%
to have haddock for breakfast prendre du haddock au petit déjeuner
67%
to have breakfast prendre le petit déjeuner
67%
What's cooking? Qu'est-ce qui se mijote ?
67%
tips (not) included service (non) compris
67%
a pizza parlour une pizzeria
67%
a light meal un repas léger
67%
a posh restaurant un restaurant huppé
67%
Cheers! À la vôtre !
33%
to be starving avoir une faim de loup
33%
to be teetotal ne jamais boire d'alcool
33%
to stand someone a drink payer à boire à quelqu'un
33%
What's your poison? Qu'est-ce que vous buvez ?
33%
to help oneself to meat se servir de viande
33%
To jump out of the frying pan into the fire Tomber de Charybde en Scylla
33%
Half a pint of lager, please. Un demi de bière blonde, SVP.
33%
a cookery book un livre de cuisine
33%
a ravenous eater un mangeur vorace
33%
to be parched mourir de soif
0%
to have a second helping reprendre
0%
Aucun quiz correspondant
Distribution des résultats
% des personnes avec chaque résultat
Percentile par nombre de réponses
Votre historique - résultats
Vous n’avez pas pris ce quiz depuis la dernière actualisation